00621nam a2200205 a 4500008004100000020002200041100002200063245007000085260003000155300003400185500004000219504004100259500002000300650002600320650002700346700001500373003000100388005001700389040000900406  a0471890898 (pbk.)1 aZienkiewicz, O.C.10aFinite elements and approximation /cO.C. Zienkiewicz, K. Morgan. aNew York :bWiley,c1983. axii, 328 p. :bill. ;c23 cm. a"A Wiley-Interscience publication." aIncludes bibliographical references. aIncludes index. 0aApproximation theory. 0aFinite element method.1 aMorgan, K.20230123133450.0 cNUST